| 000 | 00992pam a2200253 a 4500 | ||
|---|---|---|---|
| 001 | 1477546 | ||
| 003 | NUST-PNEC | ||
| 005 | 20170116180717.0 | ||
| 008 | 870528s1988 enka b 001 0 eng | ||
| 010 | _a 87015804 | ||
| 020 | _a0408014881 | ||
| 040 | _cPNEC | ||
| 050 | 0 | 0 |
_aTP318 _b.C64 1988 |
| 082 | 0 | 0 | _a662.6 CLA |
| 100 | 1 |
_aClark, George H. _q(George Hamilton) |
|
| 245 | 1 | 0 |
_aIndustrial and marine fuels reference book / _cGeorge H. Clark. |
| 260 |
_aLondon ; _aBoston : _bButterworths, _c1988. |
||
| 300 |
_a1 v. (various pagings) : _bill. ; _c26 cm. |
||
| 500 | _ahttp://www.amazon.com/Industrial-Marine-Fuels-Reference-Book/dp/0408014881/ref=sr_1_1?s=books&ie=UTF8&qid=1413888613&sr=1-1&keywords=0408014881 https://www.worldcat.org/title/industrial-and-marine-fuels-reference-book/oclc/16004750&referer=brief_results | ||
| 504 | _aIncludes bibliographies and index. | ||
| 650 | 0 |
_aFuel. _xME, IME |
|
| 906 |
_a7 _bcbc _corignew _d1 _eocip _f19 _gy-gencatlg |
||
| 942 |
_2ddc _cBK |
||
| 999 |
_c61218 _d61218 |
||